ბათუმის შოთა რუსთაველის სახელმწიფო უნივერსიტეტის ბიბლიოთეკა

ჩანაწერი Personal Name

ჩანაწერთა რაოდენობა, რომელიც გამოყენებულია: 1

001 - CONTROL NUMBER

  • control field: 14424

003 - CONTROL NUMBER IDENTIFIER

  • control field: GE_BSU

005 - DATE AND TIME OF LATEST TRANSACTION

  • control field: 20220715133907.0

008 - FIXED-LENGTH DATA ELEMENTS

  • fixed length control field: 220715|| aca||aabn | a|a d

040 ## - CATALOGING SOURCE

  • Original cataloging agency: GE_BSU
  • Transcribing agency: GE_BSU

100 ## - HEADING--PERSONAL NAME

  • Personal name: Hartman, Laura P.,
  • Relator term: author.

670 ## - SOURCE DATA FOUND

  • Source citation: Work cat.: (GE_BSU)0: Hartman, Laura P., author., Business ethics :